00802nam a2200205Ia 4500008004100000020001500041041001200056082001600068100001500084245007000099250000800169260002500177300000800202650001500210700001900225942000700244999001500251952017100266952015900437221030s9999 xx 000 0 und d a0071001352 aEnglish a105.23bBee aF. P. Beer 0aMechanics For Engineering Dynamicscby F. P. Beer, E. R. Johnston a4th bTMHaNew Delhic1987 a926 aMechanical aE. R. Johnston cBK c7466d7466 pBE 3922g11.50l0o105.23 Beer2024-06-13 00:00:00w2022-10-30yBK003Print4070aMIETLIBbMIETLIBcBL-Academic Bliock- A, FL-1, CUP-5, SH-5, R-5d2001-05-2610HBE pBE 3923g11.50l0o105.23 Beer2024-06-13 00:00:00w2022-10-30yBK003Print4071aMIETLIBbMIETLIBcBL-Second, FL-1, CUP-1, SH-2, R-2d2001-05-2610HBE